00339pab a2200121 454500008004000000100001600040245007400056260000900130300001300139362001200152650001000164773004300174180718b1998 xxu||||| |||| 00| 0 eng d aSarma, R.H. aLooking beyond the present - banking education in the next millennium c1998 ap.171-74 aOct-Dec aBanks aJournal of Indian Institute of Bankers